Chinese Airline Hub Cities 大中華區樞紐機場 - Statistics

General Stats
  • This quiz has been taken 1,182 times
  • The average score is 18 of 24
Answer Stats
Airline Airport % Correct
Air China Beijing (PEK)
99%
China Southern Beijing (PEK)
99%
Hainan Airlines Beijing (PEK)
99%
China Eastern Shanghai Hongqiao (SHA)
97%
Cathay Pacific Hong Kong (HKG)
95%
China Southern Guangzhou (CAN)
93%
Shenzhen Airlines Guangzhou (CAN)
92%
Shenzhen Airlines Shenyang (SHE)
88%
Air China Chengdu (CTU)
84%
Sichuan Airlines Chengdu (CTU)
84%
Shenzhen Airlines Shenzhen (SZX)
80%
China Southern Chongqing (CKG)
75%
Sichuan Airlines Chongqing (CKG)
75%
China Eastern Xi'an (XIY)
73%
China Airlines Taipei Taoyuan (TPE)
69%
Shenzhen Airlines Nanjing (NKG)
64%
Air China Shanghai Pudong (PVG)
61%
China Eastern Shanghai Pudong (PVG)
61%
China Eastern Kunming (KMG)
57%
Sichuan Airlines Kunming (KMG)
57%
China Southern Ürümqi (URC)
54%
Hainan Airlines Haikou (HAK)
53%
Shenzhen Airlines Nanning (NNG)
30%
Shenzhen Airlines Wuxi (WUX)
21%
No matching quizzes found
Score Distribution
Percent of People with Each Score
Percentile by Number Answered
Your Score History
You have not taken this quiz